| 000 | 00910nam a2200253 a 4500 | ||
|---|---|---|---|
| 001 | 000020878 | ||
| 005 | 20200930011200.0 | ||
| 008 | 100818s1977 mx 000 0 spa d | ||
| 040 |
_aDO-SdBNP _bspa _cBNPHU |
||
| 082 |
_a861.08 _bA634p, 1977 |
||
| 245 | 0 | 0 |
_aAntología de poetas líricos castellanos / _cselección de Ricardo Baeza ; estudio preliminar por Roberto F. Giusti ; Noticias bibliográficas de Ricardo Baeza y José Manuel Conde. |
| 250 | _a10a ed. | ||
| 260 |
_aMéxico : _bCumbre, _c1977. |
||
| 300 |
_axliv, 1-497 p. ; _c21 cm. |
||
| 490 | 1 | _aLos clásicos | |
| 500 | _aIncluye notas al pie de las páginas | ||
| 650 | 4 |
_aPoesía española _xColecciones _93395 |
|
| 650 | 4 |
_aLiteratura española _9632 |
|
| 700 | 1 |
_aBaeza, Ricardo, _d1890-1956 _943754 |
|
| 700 | 1 |
_aGiusti, Roberto F., _943755 |
|
| 700 | 1 |
_aConde, José Manuel, _943720 |
|
| 830 | 0 |
_aLos clásicos _943697 |
|
| 049 | _aBNGR | ||
| 999 |
_c20381 _d20381 |
||